[Event "27th Open"]
[Site "Cappelle la Grande FRA"]
[Date "2011.02.28"]
[Round "3"]
[White "Leon Hoyos,M"]
[Black "Pogorelov,R"]
[Result "1-0"]
[WhiteElo "2565"]
[BlackElo "2427"]
[EventDate "2011.02.26"]

1. e4 c5 2. Nf3 e6 3. g3 Nc6 4. Bg2 Nf6 5. d3 d5 6. Nbd2 Be7 7. O-O O-O 8.
Re1 b5 9. e5 Ne8 10. Nf1 Nc7 11. h4 f6 12. exf6 Bxf6 13. Ne3 e5 14. Nh2 Be6
15. Neg4 Qd7 16. f4 exf4 17. Nxf6+ Rxf6 18. Bxf4 Raf8 19. Qd2 d4 20. Qe2 h6
21. Rf1 Nd5 22. Rae1 Nxf4 23. Rxf4 Rxf4 24. Qxe6+ Qxe6 25. Rxe6 Nd8 26.
gxf4 Nxe6 27. Bd5 Rxf4 28. Bxe6+ Kf8 29. Bg4 b4 30. Kg2 Rf6 31. Bf3 Rd6 32.
Nf1 Ke7 33. Ng3 Ra6 34. Bd5 Rg6 35. Kh3 Rf6 36. Bb3 g6 37. Kg4 Kd7 38. Ne4
Rf5 39. h5 Kc6 40. hxg6 Rf1 41. g7 Rg1+ 42. Ng3 1-0

[Event "27th Open"]
[Site "Cappelle la Grande FRA"]
[Date "2011.02.28"]
[Round "3"]
[White "Aguettaz,M"]
[Black "Zherebukh,Y"]
[Result "0-1"]
[WhiteElo "2414"]
[BlackElo "2565"]
[EventDate "2011.02.26"]

1. Nf3 d6 2. d4 f5 3. g3 Nf6 4. Bg2 g6 5. b3 Bg7 6. Bb2 c5 7. dxc5 Qa5+ 8.
Nbd2 Qxc5 9. O-O O-O 10. Ne1 Qc7 11. Nd3 Nc6 12. c4 e5 13. Rc1 g5 14. c5 d5
15. Nf3 e4 16. Nxg5 exd3 17. Qxd3 Rd8 18. Rfd1 Ne4 19. Bxg7 Qxg7 20. Nh3
Nb4 21. Qb1 Nc3 22. Rxc3 Qxc3 23. a3 Nc6 24. Bxd5+ Rxd5 25. Rxd5 Be6 26.
Rd6 Re8 27. b4 Nd4 28. Nf4 Bc4 29. e3 Ne2+ 30. Nxe2 Bxe2 31. Kg2 Rf8 32.
Qa2+ Bc4 33. Qd2 Qxa3 34. Rd8 Qa6 35. Rxf8+ Kxf8 36. Qd8+ Kf7 37. Qd7+ Kg6
38. Qe8+ Bf7 39. Qe5 Qe6 40. Qxe6+ Bxe6 41. Kf3 Kf6 42. Kf4 Bd7 43. h3 Ke6
44. e4 fxe4 45. Kxe4 Bc6+ 46. Kd4 Kf5 0-1

[Event "27th Open"]
[Site "Cappelle la Grande FRA"]
[Date "2011.02.28"]
[Round "3"]
[White "Kovchan,A"]
[Black "Naroditsky,D"]
[Result "1/2-1/2"]
[WhiteElo "2561"]
[BlackElo "2419"]
[EventDate "2011.02.26"]

1. e4 c5 2. Nf3 d6 3. d4 cxd4 4. Nxd4 Nf6 5. Nc3 a6 6. Be3 e5 7. Nb3 Be6 8.
Be2 Be7 9. O-O O-O 10. Qd2 Nbd7 11. a4 Nb6 12. a5 Nc4 13. Bxc4 Bxc4 14.
Rfd1 Qc7 15. Bg5 Rad8 16. Bxf6 Bxf6 17. Qe3 Rd7 18. Nd2 Be6 19. Nf1 Rfd8
20. Qf3 Bg5 21. Ng3 1/2-1/2

[Event "27th Open"]
[Site "Cappelle la Grande FRA"]
[Date "2011.02.28"]
[Round "3"]
[White "Poetsch,H"]
[Black "Sanikidze,T"]
[Result "1/2-1/2"]
[WhiteElo "2408"]
[BlackElo "2559"]
[EventDate "2011.02.26"]

1. e4 g6 2. d4 Bg7 3. Nc3 d6 4. f4 c6 5. Nf3 Bg4 6. Be3 Nd7 7. h3 Bxf3 8.
Qxf3 c5 9. O-O-O Qa5 10. e5 O-O-O 11. Bb5 e6 12. d5 Nf8 13. Bc4 Ne7 14.
dxe6 Nxe6 15. exd6 Nf5 16. Nd5 Nxd6 17. Bb3 c4 18. Bd2 Qa6 19. Nb4 Qb6 20.
Nd5 Qa6 21. Nb4 Qb5 22. a4 Qe8 23. Ba2 Qxa4 24. Kb1 Kb8 25. Bc3 Bxc3 26.
Qxc3 Rhe8 1/2-1/2

[Event "27th Open"]
[Site "Cappelle la Grande FRA"]
[Date "2011.02.28"]
[Round "3"]
[White "Hebden,M"]
[Black "Guerra Bastida,D"]
[Result "1-0"]
[WhiteElo "2558"]
[BlackElo "2413"]
[EventDate "2011.02.26"]

1. d4 e6 2. e4 d5 3. Nc3 Nf6 4. Bg5 dxe4 5. Nxe4 Nbd7 6. Nf3 h6 7. Nxf6+
Nxf6 8. Be3 Bd6 9. Bd3 Nd5 10. O-O O-O 11. Bd2 c5 12. dxc5 Bxc5 13. Qe2 Re8
14. Rad1 Qc7 15. Qe4 f5 16. Qh4 Be7 17. Qh5 Rf8 18. Rfe1 Bf6 19. b3 Bd7 20.
Bc4 b5 21. Bxd5 exd5 22. Bb4 Rfe8 23. Rxd5 Rxe1+ 24. Nxe1 a5 25. Bd2 Re8
26. h3 b4 27. Nd3 Re4 28. Nc5 Be8 29. Qxf5 Re2 30. Ne4 Bh4 31. Qg4 Bc6 32.
Rc5 Rxe4 33. Qxe4 1-0

[Event "27th Open"]
[Site "Cappelle la Grande FRA"]
[Date "2011.02.28"]
[Round "3"]
[White "Brodsky,M"]
[Black "Kuzmicz,K"]
[Result "0-1"]
[WhiteElo "2554"]
[BlackElo "2406"]
[EventDate "2011.02.26"]

1. d4 g6 2. e4 Bg7 3. c4 c6 4. Nc3 d6 5. Be2 a6 6. Nf3 b5 7. a3 Bb7 8. Be3
Nf6 9. Nd2 Nbd7 10. O-O O-O 11. b4 Qb8 12. cxb5 cxb5 13. Rc1 Rc8 14. d5
Rxc3 15. Rxc3 Nxd5 16. Rb3 Nc3 17. Qe1 Nxe4 18. Nxe4 Bxe4 19. Qd2 Qb7 20.
f3 Bd5 21. Rbb1 Ne5 22. Rfd1 Nc4 23. Bxc4 Bxc4 24. Kh1 d5 25. Bc5 e5 26.
Re1 d4 27. Rbc1 Qd5 28. Qg5 f6 29. Qh4 Rc8 30. Rcd1 d3 31. Qf2 f5 32. Qe3
Re8 33. Bd4 Re6 34. Bc3 Bf6 35. Rf1 Kg7 36. Qa7+ Kh6 37. Bd2+ g5 38. Rde1
Kg6 39. Qf2 h6 40. Bc3 d2 41. Bxd2 Bxf1 42. Rxf1 Rc6 43. Be3 Rc3 44. Bc1
Qd3 45. Rg1 Rc2 46. Qb6 Qc3 47. Be3 Qxa3 48. Bc5 Qa2 49. h3 Rd2 50. Qc6 h5
51. Be7 Qf7 52. Bxf6 Qxf6 53. Qe8+ Kh6 54. Qc8 Rd8 55. Qb7 Re8 56. Rd1 e4
57. fxe4 fxe4 58. Qd7 Qe6 59. Kg1 e3 60. Rf1 e2 61. Rf6+ Qxf6 62. Qxe8 Qf1+
63. Kh2 e1=Q 64. Qh8+ Kg6 65. Qg8+ Kf5 0-1

[Event "27th Open"]
[Site "Cappelle la Grande FRA"]
[Date "2011.02.28"]
[Round "3"]
[White "Le Roux,JP"]
[Black "Rodriguez Lopez,Ra"]
[Result "1-0"]
[WhiteElo "2551"]
[BlackElo "2317"]
[EventDate "2011.02.26"]

1. Nf3 Nf6 2. c4 c5 3. g3 e6 4. Bg2 a6 5. Nc3 Be7 6. d4 cxd4 7. Nxd4 Qc7 8.
O-O O-O 9. Bf4 d6 10. Nb3 Qxc4 11. Bxd6 Bxd6 12. Qxd6 Ne8 13. Qa3 Qc7 14.
Rac1 Nc6 15. Rfd1 Bd7 16. Nb5 Qc8 17. N5d4 Nc7 18. Nxc6 Bxc6 19. Bxc6 bxc6
20. Rxc6 Qb7 21. Na5 Qb8 22. e4 Rd8 23. Rcd6 Rxd6 24. Qxd6 Ne8 25. Qxb8
Rxb8 26. Nc4 g5 27. e5 Kf8 28. Rd7 Rc8 29. b3 g4 30. Kf1 Rc5 31. Ra7 Nc7
32. Ke2 Ke7 33. Rb7 Kd7 34. Rb8 Nb5 35. Ke3 Nc3 36. Kd4 Rb5 37. Rxb5 Nxb5+
38. Kc5 Nc3 39. a4 Kc7 40. Nd6 Nd1 41. Nxf7 Nxf2 42. Ng5 Kd7 43. Kd4 h6 44.
Ne4 Nxe4 45. Kxe4 Kc6 46. b4 h5 47. Kd4 Kb6 48. Kc4 Kc6 49. b5+ 1-0

[Event "27th Open"]
[Site "Cappelle la Grande FRA"]
[Date "2011.02.28"]
[Round "3"]
[White "Demuth,A"]
[Black "Tikkanen,H"]
[Result "1/2-1/2"]
[WhiteElo "2360"]
[BlackElo "2550"]
[EventDate "2011.02.26"]

1. d4 d5 2. Nf3 Nf6 3. c4 c6 4. Qc2 dxc4 5. e4 b5 6. b3 cxb3 7. axb3 Bg4 8.
Nbd2 e6 9. Bd3 Qb6 10. O-O Na6 11. Be2 Nb4 12. Qc3 Rd8 13. Bb2 c5 14. dxc5
Bxc5 15. Rac1 Be7 16. Qe3 Bxf3 17. Qxb6 axb6 18. Bxb5+ Kf8 19. Nxf3 Nxe4
20. Rc4 Nf6 21. Ne5 Nfd5 22. Nd7+ Kg8 23. Rg4 f6 24. Nxf6+ Nxf6 25. Bxf6
Bxf6 26. Rxb4 1/2-1/2

[Event "27th Open"]
[Site "Cappelle la Grande FRA"]
[Date "2011.02.28"]
[Round "3"]
[White "Mastrovasilis,A"]
[Black "Tate,A"]
[Result "1-0"]
[WhiteElo "2547"]
[BlackElo "2292"]
[EventDate "2011.02.26"]

1. Nf3 Nf6 2. c4 g6 3. Nc3 Bg7 4. g3 O-O 5. Bg2 d5 6. cxd5 Nxd5 7. O-O Nc6
8. d4 Nb6 9. e3 Re8 10. Re1 Bd7 11. Nd2 e5 12. d5 Ne7 13. Nde4 Nf5 14. Nc5
Nd6 15. e4 c6 16. a4 cxd5 17. a5 Nbc8 18. Nxd7 d4 19. Bh3 dxc3 20. bxc3 Nc4
21. Qd5 N8d6 22. Ra4 Rc8 23. Nc5 b5 24. Bxc8 bxa4 25. Ba6 Qc7 26. Bxc4 Nxc4
27. Qxc4 Rc8 28. Ba3 Bf8 29. Rd1 Bxc5 30. Bxc5 a3 31. Rd5 Qxa5 32. Rd7 1-0

[Event "27th Open"]
[Site "Cappelle la Grande FRA"]
[Date "2011.02.28"]
[Round "3"]
[White "Plukkel,S"]
[Black "Cornette,M"]
[Result "0-1"]
[WhiteElo "2276"]
[BlackElo "2544"]
[EventDate "2011.02.26"]

1. e4 e5 2. Nf3 Nc6 3. d4 exd4 4. Nxd4 Nf6 5. Nc3 Bb4 6. Nxc6 bxc6 7. Bd3
d5 8. exd5 O-O 9. O-O cxd5 10. Bg5 c6 11. Qf3 Be7 12. Rfe1 Be6 13. Ne2 h6
14. Bd2 Ne4 15. Bxe4 dxe4 16. Qe3 Bg5 17. Nf4 Re8 18. h3 Qd6 19. Rad1 Rad8
20. Qxe4 Bd7 21. Qf3 Rxe1+ 22. Bxe1 Qxf4 23. Qxf4 Bxf4 24. Ba5 Rb8 25. Rxd7
Rxb2 26. g3 Rxa2 27. Rxa7 Bd6 28. Bb6 Rxc2 29. Rd7 Bb4 30. Be3 c5 31. Rc7
c4 32. Bd4 Ba5 33. Rc5 Bd2 34. Kf1 Kh7 35. Rc7 Kg6 36. Rc6+ f6 37. Rc7 h5
38. Kg2 Be1 39. Kf1 Ba5 40. Ra7 Bd2 41. Rc7 Bh6 42. Rc5 h4 43. gxh4 Kf7 44.
Kg2 Ke6 45. Kf3 Rc1 46. h5 Kd6 47. Ke4 Re1+ 48. Kf5 Rd1 49. Ke4 c3 50. Rc4
f5+ 51. Kxf5 Kd5 52. Rxc3 Rxd4 53. Rf3 Kd6 54. Kg6 Rd5 55. Rg3 Ke7 56. Rg4
Rd6+ 57. Kh7 Kf7 58. Ra4 Be3 0-1

[Event "27th Open"]
[Site "Cappelle la Grande FRA"]
[Date "2011.02.28"]
[Round "3"]
[White "Apicella,M"]
[Black "Demanghon,J"]
[Result "1-0"]
[WhiteElo "2531"]
[BlackElo "2193"]
[EventDate "2011.02.26"]

1. e4 e5 2. Nf3 Nc6 3. Bb5 a6 4. Ba4 Nf6 5. O-O Be7 6. Re1 b5 7. Bb3 d6 8.
c3 O-O 9. h3 Na5 10. Bc2 c5 11. d4 Qc7 12. d5 Bd7 13. Nbd2 c4 14. Nf1 Nb7
15. g4 h5 16. g5 Nh7 17. h4 g6 18. N1h2 Nc5 19. Kh1 a5 20. Qe2 Rab8 21. Be3
b4 22. Nd2 bxc3 23. bxc3 Rb2 24. Rec1 f6 25. a4 Nb3 26. Bxb3 cxb3 27. gxf6
Rxf6 28. c4 Qb8 29. Rg1 Kh8 30. Qd3 Qb4 31. c5 Bxa4 32. Qc4 Bb5 33. Qxb4
axb4 34. c6 Ra2 35. Nxb3 Ra3 36. Rxa3 bxa3 37. Ra1 Rf8 38. Rxa3 Bxh4 39.
Kg2 Bd8 40. Nf3 g5 41. Nfd4 Bd3 42. Nd2 Bxe4+ 43. Nxe4 exd4 44. Bxd4+ Bf6
45. Nxf6 Nxf6 46. Rf3 1-0

[Event "27th Open"]
[Site "Cappelle la Grande FRA"]
[Date "2011.02.28"]
[Round "3"]
[White "Foisor,M"]
[Black "Mekhitarian,K"]
[Result "1-0"]
[WhiteElo "2193"]
[BlackElo "2528"]
[EventDate "2011.02.26"]

1. d4 Nf6 2. c4 g6 3. Nc3 Bg7 4. Bg5 O-O 5. Nf3 c5 6. d5 h6 7. Bh4 d6 8. e3
g5 9. Bg3 Nh5 10. Nd2 Nxg3 11. hxg3 f5 12. Qc2 e6 13. dxe6 Nc6 14. Be2 Bxe6
15. Bf3 Nb4 16. Qb3 b5 17. Nxb5 a6 18. Bxa8 Qxa8 19. Nc7 Qxg2 20. Ke2 f4
21. Rag1 Bg4+ 22. Ke1 Qxf2+ 23. Kxf2 fxe3+ 24. Kxe3 Bd4+ 25. Ke4 Rf5 26.
Nf3 1-0

[Event "27th Open"]
[Site "Cappelle la Grande FRA"]
[Date "2011.02.28"]
[Round "3"]
[White "Jeanne,M"]
[Black "Kiselev,Vit2"]
[Result "0-1"]
[WhiteElo "2186"]
[BlackElo "2526"]
[EventDate "2011.02.26"]

1. d4 Nf6 2. c4 c5 3. d5 b5 4. Nd2 bxc4 5. e4 g6 6. Bxc4 d6 7. Ngf3 Bg7 8.
O-O O-O 9. Re1 Nbd7 10. Qc2 Nb6 11. Rb1 Bg4 12. b3 Nxc4 13. bxc4 Qa5 14.
Bb2 Rfb8 15. Ba1 Rb6 16. Rb3 Qa6 17. Reb1 Bd7 18. Bc3 Rab8 19. R3b2 Ba4 20.
Qd3 Bd7 21. Qc2 Bh6 22. h3 Nh5 23. Rxb6 axb6 24. Bb2 f6 25. a3 Nf4 26. Re1
b5 27. Qc3 bxc4 28. Nxc4 Bb5 29. Nfd2 Bxc4 30. Qxc4 Qa5 31. Qc3 Nxh3+ 32.
gxh3 Bxd2 33. Qxa5 Bxa5 34. Re2 Rb3 35. Kg2 Kf7 36. f4 Rd3 37. h4 c4 38.
Bc1 f5 0-1

[Event "27th Open"]
[Site "Cappelle la Grande FRA"]
[Date "2011.02.28"]
[Round "3"]
[White "Teske,H"]
[Black "Franklin,S"]
[Result "1-0"]
[WhiteElo "2520"]
[BlackElo "2185"]
[EventDate "2011.02.26"]

1. d4 Nf6 2. c4 g6 3. g3 Bg7 4. Bg2 O-O 5. Nc3 d6 6. Nf3 Nc6 7. O-O a6 8.
Bf4 Rb8 9. Rc1 Bd7 10. e4 Nxd4 11. Qxd4 e5 12. Bxe5 dxe5 13. Nxe5 Ng4 14.
Qxd7 Nxe5 15. Qa4 Qd4 16. b3 Nd3 17. Rc2 Qc5 18. Nd5 c6 19. b4 Qd4 20. Ne7+
Kh8 21. Qa3 Ne5 22. c5 Rfe8 23. Nd5 cxd5 24. exd5 Rbd8 25. d6 Nc6 26. Bxc6
bxc6 27. Qxa6 Qe4 28. Qa4 h5 29. Qb3 Rb8 30. a3 Bf6 31. Rd1 Kg7 32. h4 Qg4
33. Rc4 Qe2 34. Rf4 Re6 35. Rd3 Qe5 36. Kg2 Qa1 37. Rd1 Qe5 38. Qf3 Rc8 39.
a4 Qb2 40. b5 Qc2 41. d7 Rd8 42. Rd6 Qxc5 43. Rxe6 fxe6 44. Rxf6 Rxd7 45.
Rxe6 Rf7 46. Rxc6 1-0

[Event "27th Open"]
[Site "Cappelle la Grande FRA"]
[Date "2011.02.28"]
[Round "3"]
[White "Delort,F"]
[Black "Harika,D"]
[Result "0-1"]
[WhiteElo "2182"]
[BlackElo "2520"]
[EventDate "2011.02.26"]

1. d4 Nf6 2. c4 g6 3. Nc3 Bg7 4. e4 O-O 5. Nf3 d6 6. h3 e5 7. d5 a5 8. Bg5
Na6 9. Be2 Qe8 10. Nd2 Nd7 11. a3 f6 12. Bh4 Nb6 13. b3 Bd7 14. Rb1 Nc5 15.
O-O Bh6 16. b4 axb4 17. axb4 Nba4 18. Qc2 Nxc3 19. Qxc3 Bxd2 20. Qxd2 Nxe4
21. Qc2 g5 22. Qxe4 f5 23. Qc2 gxh4 24. Ra1 Qg6 25. Rxa8 Rxa8 26. c5 Kh8
27. Kh2 Rg8 28. Rg1 Qh6 29. cxd6 Qxd6 30. Qc5 e4+ 31. Kh1 Qxc5 32. bxc5 Kg7
33. c6 bxc6 34. dxc6 Be6 35. Ra1 Kf6 36. f3 Rb8 37. fxe4 fxe4 38. Ra7 Rb2
39. Bh5 Kg5 40. Ra5+ Kf4 41. Kh2 Rc2 0-1

[Event "27th Open"]
[Site "Cappelle la Grande FRA"]
[Date "2011.02.28"]
[Round "3"]
[White "Shneider,Alek"]
[Black "Meng,R"]
[Result "1-0"]
[WhiteElo "2518"]
[BlackElo "2132"]
[EventDate "2011.02.26"]

1. d4 Nf6 2. c4 e6 3. Nf3 b6 4. g3 Bb7 5. Bg2 Bb4+ 6. Bd2 c5 7. O-O O-O 8.
Bxb4 cxb4 9. a3 bxa3 10. Rxa3 d5 11. Ne5 Qe7 12. cxd5 Nxd5 13. Nc3 Nb4 14.
Bxb7 Qxb7 15. Qa4 N8c6 16. Nxc6 Nxc6 17. e4 Rfd8 18. d5 exd5 19. exd5 Na5
20. Re1 Rac8 21. b4 Nc4 22. Qxa7 Qxa7 23. Rxa7 Nd6 24. Na4 Rc4 25. Nxb6
Rxb4 26. Nd7 Rb7 27. Rxb7 Nxb7 28. Re7 Nd6 29. Ne5 Re8 30. Rxe8+ Nxe8 31.
Kg2 Nd6 32. Kf3 Kf8 33. Ke3 f6 34. Nc6 Ke8 35. Nd4 g6 36. Ne6 Ke7 37. Kd4
Nb7 38. Nc5 Nd6 39. Ne4 Nb7 40. f4 h6 41. g4 g5 42. f5 Nd8 43. d6+ Kf7 44.
Kd5 Kg7 45. Nc5 Kf7 46. Ne6 Nb7 47. Nc7 Kg7 48. Ke6 1-0

[Event "27th Open"]
[Site "Cappelle la Grande FRA"]
[Date "2011.02.28"]
[Round "3"]
[White "Frisk,E"]
[Black "Vera Gonzalez Quevedo,R"]
[Result "0-1"]
[WhiteElo "2131"]
[BlackElo "2518"]
[EventDate "2011.02.26"]

1. d4 Nf6 2. Nc3 c5 3. d5 g6 4. e4 d6 5. Nf3 Bg7 6. Be2 O-O 7. O-O Na6 8.
Bf4 Nc7 9. a4 b6 10. Bc4 Bb7 11. Qd3 a6 12. Rfe1 Re8 13. h3 Nd7 14. e5 dxe5
15. Nxe5 Nxe5 16. Bxe5 Qd7 17. Rad1 Rad8 18. Bxg7 Kxg7 19. Re5 Qd6 20. Qe2
Rd7 21. f4 Qf6 22. Qg4 e6 23. d6 Na8 24. Re2 Red8 25. Red2 b5 26. axb5 Nb6
27. Be2 a5 28. Qg3 Nc8 29. Bf3 Rxd6 30. Rxd6 Nxd6 31. Bxb7 Nxb7 32. Rxd8
Qxd8 33. Qe3 f6 34. Qxe6 Qd4+ 35. Kh1 Nd6 36. b6 Qxf4 37. Nd5 Qe5 38. Nc7
Kh6 39. Qxe5 fxe5 40. Ne6 Nb7 41. g4 g5 42. Kg2 Kg6 43. Kf3 Kf6 44. Nc7 Ke7
45. Ke4 Kd6 46. c4 Kc6 47. Kxe5 Nd6 48. b3 a4 49. bxa4 Nxc4+ 50. Ke4 Nd6+
51. Kd3 Kxb6 52. Nd5+ Ka5 53. Nf6 h6 54. Ng8 Kxa4 55. Nxh6 Kb3 56. Nf5 c4+
57. Kd4 c3 58. Ne3 Nc4 59. Nxc4 c2 60. Nd2+ Kb4 61. Nf3 c1=Q 0-1

[Event "27th Open"]
[Site "Cappelle la Grande FRA"]
[Date "2011.02.28"]
[Round "3"]
[White "Przezdziecka,E"]
[Black "Jojua,D"]
[Result "1/2-1/2"]
[WhiteElo "2127"]
[BlackElo "2515"]
[EventDate "2011.02.26"]

1. d4 Nf6 2. Nf3 g6 3. Bg5 Bg7 4. Nbd2 h6 5. Bxf6 Bxf6 6. e4 d6 7. c3 O-O
8. Bd3 e5 9. O-O Bg7 10. a4 exd4 11. Nxd4 Bd7 12. Kh1 c5 13. Nb5 a6 14. Na3
Bc6 15. Nc2 Nd7 16. a5 Nf6 17. Ne3 Re8 18. f3 d5 19. Nxd5 Bxd5 20. exd5
Nxd5 21. Nc4 Qg5 22. Be4 Rad8 23. Qc1 Qh4 24. Qe1 Qf6 25. Qf2 Nf4 26. Qxc5
Rc8 27. Qb4 Bf8 28. Qa4 Qg5 29. g3 Nh5 30. Rg1 Bc5 31. Rg2 Qe7 32. Re2 Nf6
33. Rae1 Qc7 34. b3 Rcd8 35. Kg2 Kg7 36. Qa1 h5 1/2-1/2

[Event "27th Open"]
[Site "Cappelle la Grande FRA"]
[Date "2011.02.28"]
[Round "3"]
[White "Hasangatin,R"]
[Black "Haverkamp,K"]
[Result "1-0"]
[WhiteElo "2508"]
[BlackElo "1987"]
[EventDate "2011.02.26"]

1. d4 d5 2. Bg5 c6 3. e3 Bf5 4. Nc3 Nf6 5. Bxf6 exf6 6. Bd3 Bxd3 7. Qxd3
Bb4 8. Nge2 Nd7 9. e4 dxe4 10. Qxe4+ Qe7 11. Qxe7+ Kxe7 12. O-O-O Nb6 13.
d5 cxd5 14. Nxd5+ Nxd5 15. Rxd5 Rad8 16. Rhd1 Rxd5 17. Rxd5 Be1 18. f3 a6
19. c3 Rc8 20. Kc2 Bf2 21. Kd3 g6 22. c4 f5 23. b4 Rc6 24. Nd4 Rd6 25. Rxd6
Kxd6 26. c5+ Kd5 27. Ne2 a5 28. a3 axb4 29. axb4 b6 30. Nc3+ Kc6 31. cxb6
Bxb6 32. Kc4 Bg1 33. h3 h5 34. Nd5 Kd6 35. Nf4 Be3 36. Nd3 g5 37. Nc5 Ke5
38. Nd3+ Kd6 39. b5 Bb6 40. f4 f6 41. Nb4 gxf4 42. Nd5 Bg1 43. Nxf4 h4 44.
Ng6 Bf2 45. Kd3 Kc5 46. Ke2 Bg3 47. Ne7 Kxb5 48. Nxf5 Bc7 49. Kf3 Kc4 50.
Ke4 Kc5 51. Nxh4 Kd6 52. Kf5 Ke7 53. Kg6 Bd8 54. Nf5+ Ke6 55. h4 1-0

[Event "27th Open"]
[Site "Cappelle la Grande FRA"]
[Date "2011.02.28"]
[Round "3"]
[White "Audin,T"]
[Black "Petkov,V"]
[Result "0-1"]
[WhiteElo "2034"]
[BlackElo "2506"]
[EventDate "2011.02.26"]

1. d4 Nf6 2. Nc3 d5 3. Bg5 Nbd7 4. Qd3 h6 5. Bxf6 Nxf6 6. e4 dxe4 7. Nxe4
c6 8. Nxf6+ exf6 9. O-O-O Be6 10. Qe3 Be7 11. Kb1 Qa5 12. c4 O-O 13. Nf3
Rfd8 14. Bd3 Rd7 15. Rc1 Rad8 16. Rhd1 f5 17. g4 fxg4 18. Ne5 Rxd4 19. Bh7+
Kxh7 20. Rxd4 Bf5+ 21. Ka1 Bg5 22. f4 gxf3 23. Rf4 Re8 0-1

[Event "27th Open"]
[Site "Cappelle la Grande FRA"]
[Date "2011.02.28"]
[Round "3"]
[White "Uehara,S"]
[Black "Janev,E"]
[Result "0-1"]
[WhiteElo "1987"]
[BlackElo "2497"]
[EventDate "2011.02.26"]

1. e4 Nf6 2. e5 Nd5 3. d4 d6 4. Nf3 g6 5. Bc4 Nb6 6. Bb3 Bg7 7. Ng5 e6 8.
Qf3 Qe7 9. Ne4 h6 10. Nf6+ Kf8 11. Be3 Nc6 12. Ne4 dxe5 13. d5 Nd4 14. Bxd4
exd4 15. dxe6 Bxe6 16. Bxe6 Qxe6 17. Nbd2 Kg8 18. O-O Qc6 19. Nb3 Nc4 20.
Rad1 Rd8 21. c3 f5 22. Nec5 Qxf3 23. gxf3 Nxb2 24. Rd2 Nc4 25. Rdd1 d3 26.
Ne6 Rd6 27. Nxc7 d2 28. Nb5 Rd3 29. Kg2 Kh7 0-1

[Event "27th Open"]
[Site "Cappelle la Grande FRA"]
[Date "2011.02.28"]
[Round "3"]
[White "Delchev,A"]
[Black "Robin,S"]
[Result "1-0"]
[WhiteElo "2629"]
[BlackElo "2306"]
[EventDate "2011.02.26"]

1. d4 Nf6 2. c4 g6 3. Nc3 Bg7 4. g3 O-O 5. Bg2 c6 6. e4 d6 7. Nge2 e5 8.
O-O Nbd7 9. h3 exd4 10. Nxd4 Re8 11. Re1 a5 12. Rb1 Nc5 13. Bf4 d5 14. cxd5
cxd5 15. Ndb5 Ne6 16. Be3 dxe4 17. Nxe4 Nd5 18. Qxd5 Qxd5 19. Nf6+ Bxf6 20.
Bxd5 Rd8 21. Bg2 Bd7 22. Nd6 Bc6 23. Nxb7 Bxb7 24. Bxb7 Rab8 25. Ba6 Bxb2
26. Bc4 Nd4 27. Red1 Nf3+ 28. Kg2 Rxd1 29. Rxd1 Ne5 30. Bb3 Nc6 31. Rd7 Ne5
32. Ra7 Rb5 33. Bh6 Rb8 34. f4 Bd4 35. Rxa5 Nc6 36. Rd5 Bg7 37. Bxg7 Kxg7
38. Rd7 Nd8 39. Kf3 Kf6 40. g4 h6 41. h4 g5 42. hxg5+ hxg5 43. f5 Nc6 44.
Rd6+ 1-0

[Event "27th Open"]
[Site "Cappelle la Grande FRA"]
[Date "2011.02.28"]
[Round "3"]
[White "Zakhartsov,Vi"]
[Black "Grabinsky,V"]
[Result "1-0"]
[WhiteElo "2602"]
[BlackElo "2303"]
[EventDate "2011.02.26"]

1. d4 Nf6 2. c4 e6 3. Nf3 d5 4. Nc3 Be7 5. Bg5 h6 6. Bh4 O-O 7. e3 Ne4 8.
Bxe7 Qxe7 9. Rc1 c6 10. Bd3 Nxc3 11. Rxc3 dxc4 12. Bxc4 Nd7 13. Qc2 b6 14.
Bd3 c5 15. Bh7+ Kh8 16. Be4 Rb8 17. O-O Bb7 18. Bxb7 Rxb7 19. Rc1 a5 20. a3
Rd8 21. h3 Kg8 22. Rd1 g6 23. dxc5 bxc5 24. b3 Rdb8 25. a4 Qf6 26. Nd2 Qf5
27. Qxf5 gxf5 28. Nc4 Ra8 29. Nd6 Rb4 30. Nxf5 Nf6 31. Ne7+ Kf8 32. Nc6 Ne4
33. Rcd3 Rb6 34. Rd8+ Rxd8 35. Rxd8+ Kg7 36. Nxa5 Nd6 37. Rd7 1-0

[Event "27th Open"]
[Site "Cappelle la Grande FRA"]
[Date "2011.02.28"]
[Round "3"]
[White "Vul,A"]
[Black "Gopal,G"]
[Result "1/2-1/2"]
[WhiteElo "2301"]
[BlackElo "2597"]
[EventDate "2011.02.26"]

1. Nf3 g6 2. d4 Nf6 3. c4 Bg7 4. g3 O-O 5. Bg2 d6 6. O-O Nbd7 7. Nc3 e5 8.
e4 exd4 9. Nxd4 Nc5 10. h3 Re8 11. Re1 Bd7 12. Bf4 h6 13. g4 a5 14. Qd2 Kh7
15. Rad1 Ne6 16. Nxe6 Bxe6 17. c5 dxc5 18. Qxd8 Rexd8 19. Bxc7 Rxd1 20.
Rxd1 a4 21. a3 Nd7 22. e5 Nxe5 23. Bxb7 Re8 24. Bxe5 Bxe5 25. Bc6 Rb8 26.
Nxa4 c4 27. Rd2 h5 28. Bd7 Rd8 29. Nc5 Bxd7 30. Nxd7 hxg4 31. hxg4 Kg7 32.
Kf1 Bxb2 1/2-1/2

[Event "27th Open"]
[Site "Cappelle la Grande FRA"]
[Date "2011.02.28"]
[Round "3"]
[White "Grigoriants,S RUS"]
[Black "Maeurer,C"]
[Result "1-0"]
[WhiteElo "2581"]
[BlackElo "2301"]
[EventDate "2011.02.26"]

1. e4 e6 2. d4 d5 3. Nc3 Bb4 4. e5 c5 5. a3 Bxc3+ 6. bxc3 Qa5 7. Bd2 Qa4 8.
Qb1 c4 9. Ne2 Nc6 10. g3 Bd7 11. Bg2 O-O-O 12. O-O f6 13. exf6 Nxf6 14. f3
h6 15. g4 g5 16. Be1 Be8 17. Bg3 Bg6 18. Ra2 Rhe8 19. h4 Nd7 20. Qc1 e5 21.
hxg5 hxg5 22. Qd2 Qa5 23. Qxg5 exd4 24. Nxd4 Nxd4 25. cxd4 Qb6 26. c3 Bd3
27. Rc1 Re6 28. Qxd5 Rde8 29. Rd2 Re3 30. Bf4 R3e6 31. Bg3 Re3 32. Bf4 R3e6
33. Bf1 Nf6 34. Qc5+ Qxc5 35. dxc5 Re1 36. Rdd1 Rxd1 37. Rxd1 Nd5 38. Bd2
Bc2 39. Rc1 Bb3 40. Kf2 Re6 41. Re1 Ra6 42. Re5 Nc7 43. g5 Kd8 44. Bh3 Bc2
45. g6 1-0

[Event "27th Open"]
[Site "Cappelle la Grande FRA"]
[Date "2011.02.28"]
[Round "3"]
[White "Daulyte,D"]
[Black "Georgiev,Vl"]
[Result "0-1"]
[WhiteElo "2293"]
[BlackElo "2579"]
[EventDate "2011.02.26"]

1. e4 e5 2. Nf3 Nc6 3. d4 exd4 4. Nxd4 Bc5 5. Be3 Qf6 6. c3 Nge7 7. Bc4 O-O
8. O-O b6 9. Qd2 Qg6 10. f3 d5 11. Nxc6 Qxc6 12. exd5 Bxe3+ 13. Qxe3 Qxc4
14. Qxe7 Qxd5 15. Na3 Ba6 16. Rfd1 Qc6 17. Nc2 Rae8 18. Qg5 h6 19. Qf4 Qg6
20. Rd2 c5 21. Ne3 Re6 22. Nd5 Rfe8 23. c4 Kh7 24. Kf2 Bb7 25. Nc7 Rf6 26.
Qxf6 Qxf6 27. Nxe8 Qh4+ 28. Kg1 Qxc4 29. Nd6 Qf4 30. Rad1 Bc6 31. Re2 a5
32. Nc8 Qc4 33. Red2 Qxa2 34. Nxb6 Qb3 35. Nd5 a4 36. Kh1 c4 37. h3 Bxd5
38. Rxd5 Qxb2 39. Re1 c3 40. Rdd1 c2 41. Ra1 a3 42. Kg1 h5 43. Kh2 h4 44.
Kh1 Kg6 45. Kh2 Kg5 46. Kg1 f5 47. Kh1 Kf4 48. Kh2 a2 49. Kh1 Kg3 50. Rec1
Kf2 51. Rf1+ Ke2 52. Kh2 Qb1 53. Rg1 Kd2 54. Rf1 Kc3 0-1

[Event "27th Open"]
[Site "Cappelle la Grande FRA"]
[Date "2011.02.28"]
[Round "3"]
[White "Gajic,Ml"]
[Black "Fier,A"]
[Result "0-1"]
[WhiteElo "2287"]
[BlackElo "2571"]
[EventDate "2011.02.26"]

1. e4 c5 2. c3 Nf6 3. e5 Nd5 4. g3 Nb6 5. d4 cxd4 6. cxd4 g6 7. a4 Bg7 8.
Nc3 a5 9. Bf4 O-O 10. Bg2 d6 11. exd6 Nc6 12. Nge2 Nxd4 13. Nxd4 e5 14. Nc6
bxc6 15. Be3 Nc4 16. Bc5 Ba6 17. Qc2 e4 18. O-O f5 19. f4 Rb8 20. b3 Nxd6
21. Rfd1 Bd3 22. Rxd3 exd3 23. Qxd3 Rxb3 24. Bd5+ cxd5 25. Qxd5+ Nf7 26.
Qxb3 Qd3 27. Bxf8 Qxc3 28. Qxc3 Bxc3 29. Ra3 Bd4+ 30. Kf1 Kxf8 31. Ke2 Bg1
32. Rb3 Nd6 33. Rb8+ Ke7 34. h3 Ne4 35. g4 Nc3+ 36. Kd3 Nxa4 37. Rb7+ Ke6
38. Rxh7 Nc5+ 39. Kc4 Ne4 40. Kb5 Be3 41. Kxa5 Bxf4 42. gxf5+ gxf5 43. Kb5
Nd6+ 44. Kc6 Be5 45. Rh6+ Bf6 46. Rh7 Nf7 47. Kc5 Be7+ 48. Kc4 Bg5 49. Rg7
Kf6 50. Rg8 Bh4 51. Kd5 Ng5 52. Rf8+ Kg6 53. Rg8+ Kf7 54. Rh8 Bg3 55. h4
Ne4 56. h5 Nf6+ 57. Kd4 Kg7 58. Ra8 Nxh5 59. Ra6 Nf6 60. Ke3 Kg6 61. Kf3
Be5 62. Re6 Bc3 63. Rc6 Bd2 64. Rd6 Bh6 65. Ra6 Kg5 66. Ra5 Ng4 67. Rb5 Bf8
68. Rd5 Bg7 69. Kg3 Ne5 70. Ra5 Bf8 71. Rd5 f4+ 72. Kf2 Kf5 73. Ra5 Bb4 74.
Ra4 Bc5+ 75. Kf1 f3 76. Rh4 Be3 77. Rh8 Ke4 78. Rh4+ Bf4 79. Rh8 Ng4 80.
Re8+ Be5 81. Re7 Kf4 82. Re8 Ke3 83. Rf8 Nh2+ 84. Kg1 Ke2 85. Kh1 Ng4 86.
Rf5 f2 87. Rf3 Bd4 88. Rf4 Ne3 0-1